<?xml version="1.0" encoding="UTF-8"?>
<record
    xmlns:xsi="http://www.w3.org/2001/XMLSchema-instance"
    xsi:schemaLocation="http://www.loc.gov/MARC21/slim http://www.loc.gov/standards/marcxml/schema/MARC21slim.xsd"
    xmlns="http://www.loc.gov/MARC21/slim">

  <leader>04913nam a22003017a 4500</leader>
  <controlfield tag="003">NALT</controlfield>
  <controlfield tag="005">20240202083805.0</controlfield>
  <controlfield tag="008">240122b        th ||||| |||| 00| 0 eng d</controlfield>
  <datafield tag="020" ind1=" " ind2=" ">
    <subfield code="a">9780781443869</subfield>
  </datafield>
  <datafield tag="040" ind1=" " ind2=" ">
    <subfield code="a">NALT</subfield>
  </datafield>
  <datafield tag="050" ind1=" " ind2=" ">
    <subfield code="a">PZ 7</subfield>
    <subfield code="b">C66C 2006</subfield>
  </datafield>
  <datafield tag="100" ind1="1" ind2=" ">
    <subfield code="9">62637</subfield>
    <subfield code="a">Cook, David C.</subfield>
  </datafield>
  <datafield tag="245" ind1="1" ind2="0">
    <subfield code="a">Childern's BIBLE story book /</subfield>
    <subfield code="c">David C Cook.</subfield>
  </datafield>
  <datafield tag="250" ind1=" " ind2=" ">
    <subfield code="a">1 st ed.</subfield>
  </datafield>
  <datafield tag="260" ind1=" " ind2=" ">
    <subfield code="a">&#xE4C;N.P. :</subfield>
    <subfield code="b">n.p.,</subfield>
    <subfield code="c">2006.</subfield>
  </datafield>
  <datafield tag="300" ind1=" " ind2=" ">
    <subfield code="a">416 p. :</subfield>
    <subfield code="b">ill. ;</subfield>
    <subfield code="c">20 cm.</subfield>
  </datafield>
  <datafield tag="505" ind1="0" ind2=" ">
    <subfield code="a">OLd Testament --
God Makes Day and Night --
God Makes Plants --
God Makes All Kinds of Animals --
God Makes People Special --
Adam and Eve Sin --
Cain and Abel Fight --
God Cares for Noah --
Noah Shows Love to God --
God Calls Abraham --
Abraham and Lot Part Company --
Lot Leaves Town --
God Keeps His Promise to Abraham --
God Tests Abraham --
Isaac Gets a Wife --
Isaac's Neighbors Pick a Fight --
Jacob Tricks His Father --
Jacob and Esau Forgive --
Joseph's Brothers Tell a Lie --
Joseph Helps Pharaoh --
Joseph Forgives His Brothers --
God Protects Baby Moses --
Moses Sees a Burning Bush --
Moses and Aaron Talk to Pharaoh --
God's People Obey --
Moses Parts the Red Sea --
God Gives Water to His People --
Moses Listens to Good Advice --
Aaron Builds a Golden Calf --
God Gives the Ten Commandments --
God's People Give Their Talents --
The Walls of Jericho Fall --
God Chooses Gideon --
Gideon Wins the Battle --
Hannah Asks God for a Child --
God Chooses Saul to Be King --
Saul Disobeys God --
David Fights a Giant --
</subfield>
  </datafield>
  <datafield tag="505" ind1="0" ind2=" ">
    <subfield code="a">David Helps Saul --
David and Jonathan Become Friends --
David Spares Saul's Life --
David Dances --
Solomon Chooses Wisdom --
Solomon Uses God's Wisdom --
Solomon Follows God's Plan for the Temple --
Solomon Worships God with Prayer --
Elijah Sees God's Power --
Elijah Hears God's Voice --
Elijah Is Taken to Heaven --
Elisha's Servant Sees Angels --
Josiah Listens to God's Word --
Jehoshaphat Fights God's Way --
Jonah and the People Worship God with Gifts
King Hezekiah and the People Worship God with Music --
Ezra Rebuilds the Temple --
Esther Takes a Stand --
Job Suffers --
God Calls Isaiah --
God's Word Burns Up --
Daniel Eats Vegetables --
Three Men Survive a Fiery Furnace --
A Hand Writes on a Wall --
Daniel Lives with Lions --
Love God First --
Jonah Swims with a Fish --
New Testoment --
An Angel Visits Mary --
An Angel Visits Joseph --
Joseph and Mary Welcome Baby Jesus --
Angels and Shepherds Tell Good News --
Simeon Blesses Jesus --
Wise Men Worship Jesus --
God Takes Care of Jesus --
Jesus Gets "Lost" --
John Baptizes Jesus --
Jesus Chooses God's Way --
</subfield>
  </datafield>
  <datafield tag="505" ind1="0" ind2=" ">
    <subfield code="a">Jesus Teaches God's Word --
Jesus Says, "Follow Me" --
Jesus Heals a Man with Leprosy --
Jesus Calls Matthew --
Jesus Heals on the Sabbath --
Four Friends Help --
Nicodemus Comes to Jesus --
Jesus Meets a Woman at a Well --
Jesus Heals a Man Who Can't Walk --
Jesus Chooses His Disciples --
God Cares for Us --
Two Men Build Houses --
Jesus Heals a Little Girl --
A Boy Shares His Lunch --
Peter Walks on Water --
Jesus Heals a Woman's Daughter --
Jesus Teaches How to Forgive --
Jesus Spots a Trap --
Three Men Handle Money --
God Remembers How We Treat Others --
Jesus Teaches Prayer --
Jesus Helps a Man Believe --
Jesus Is the Good Shepherd --
Parable of the Rich Man --
Jesus Tells About Shepherds --
A Selfish Son Comes Home --
Jesus Raises Lazarus from the Dead --
New Testoment --
An Angel Visits Mary --
An Angel Visits Joseph --
Joseph and Mary Welcome Baby Jesus --
Angels and Shepherds Tell Good News --
Simeon Blesses Jesus --
Wise Men Worship Jesus --
God Takes Care of Jesus --
Jesus Gets "Lost" --
John Baptizes Jesus --
Jesus Chooses God's Way --
</subfield>
  </datafield>
  <datafield tag="505" ind1="0" ind2=" ">
    <subfield code="a">Jesus Teaches God's Word --
Jesus Says, "Follow Me" --
Jesus Heals a Man with Leprosy --
Jesus Calls Matthew --
Jesus Heals on the Sabbath --
Four Friends Help --
Nicodemus Comes to Jesus --
Jesus Meets a Woman at a Well --
Jesus Heals a Man Who Can't Walk --
Jesus Chooses His Disciples --
God Cares for Us --
Two Men Build Houses --
Jesus Heals a Little Girl --
A Boy Shares His Lunch --
Peter Walks on Water --
Jesus Heals a Woman's Daughter --
Jesus Teaches How to Forgive --
Jesus Spots a Trap --
Three Men Handle Money --
God Remembers How We Treat Others --
Jesus Teaches Prayer --
Jesus Helps a Man Believe --
Jesus Is the Good Shepherd --
Parable of the Rich Man --
Jesus Tells About Shepherds --
A Selfish Son Comes Home --
Jesus Raises Lazarus from the Dead.
</subfield>
  </datafield>
  <datafield tag="650" ind1=" " ind2="0">
    <subfield code="9">62727</subfield>
    <subfield code="a">Bible stories</subfield>
    <subfield code="x">Juvenile literature</subfield>
  </datafield>
  <datafield tag="650" ind1=" " ind2="0">
    <subfield code="9">62728</subfield>
    <subfield code="a">Bible stories, English</subfield>
  </datafield>
  <datafield tag="850" ind1=" " ind2=" ">
    <subfield code="a">NALT</subfield>
  </datafield>
  <datafield tag="942" ind1=" " ind2=" ">
    <subfield code="c">GB</subfield>
    <subfield code="2">lcc</subfield>
  </datafield>
  <datafield tag="952" ind1=" " ind2=" ">
    <subfield code="0">0</subfield>
    <subfield code="1">0</subfield>
    <subfield code="2">lcc</subfield>
    <subfield code="4">0</subfield>
    <subfield code="7">0</subfield>
    <subfield code="8">CGBL</subfield>
    <subfield code="a">NALT</subfield>
    <subfield code="b">NALT</subfield>
    <subfield code="c">GEN</subfield>
    <subfield code="d">2024-01-22</subfield>
    <subfield code="o">PZ 7 C66C 2006</subfield>
    <subfield code="p">3961222157</subfield>
    <subfield code="r">2024-02-14</subfield>
    <subfield code="w">2024-01-22</subfield>
    <subfield code="y">GB</subfield>
  </datafield>
  <datafield tag="996" ind1=" " ind2=" ">
    <subfield code="a">chunbijaya.r</subfield>
    <subfield code="b">CATSTF	</subfield>
    <subfield code="c">2024-01-22</subfield>
  </datafield>
  <datafield tag="996" ind1=" " ind2=" ">
    <subfield code="a">jamriang.p</subfield>
    <subfield code="b">CATSTF	</subfield>
    <subfield code="c">2024-01-31</subfield>
  </datafield>
  <datafield tag="999" ind1=" " ind2=" ">
    <subfield code="c">104252</subfield>
    <subfield code="d">104252</subfield>
  </datafield>
  <datafield tag="998" ind1=" " ind2=" ">
    <subfield code="j">1524</subfield>
    <subfield code="k"> &#xE19;&#xE32;&#xE07;&#xE2A;&#xE32;&#xE27;&#xE28;&#xE23;&#xE31;&#xE13;&#xE22;&#xE4C;&#xE20;&#xE23;  &#xE0A;&#xE33;&#xE19;&#xE32;&#xE0D;&#xE1B;&#xE48;&#xE32;</subfield>
  </datafield>
</record>
